LEADER 01641nam 2200553 450 001 9910555029503321 005 20210615011951.0 010 $a9781119578352$beBook 010 $z9781119578338$bprint 010 $a1-119-57835-3 010 $a1-119-57828-0 010 $a1-119-57837-X 035 $a(CKB)4100000010870968 035 $a(MiAaPQ)EBC6199837 035 $a(EXLCZ)994100000010870968 100 $a20200917d2020 uy 0 101 0 $aeng 135 $aurcnu|||||||| 181 $ctxt$2rdacontent 182 $cc$2rdamedia 183 $acr$2rdacarrier 200 00$aCardiac pacing and ICDs /$fedited by Kenneth A. Ellenbogen, Karoly Kaszala 205 $aSeventh edition. 210 1$aHoboken, NJ :$cWiley Blackwell,$d2020. 215 $a1 online resource (467 pages) 311 $a1-119-57833-7 606 $aCardiac pacemakers$vHandbooks, manuals, etc 606 $aCardiac pacing$vHandbooks, manuals, etc 606 $aHeart$xDiseases 606 $aCardiac Pacing, Artificial 606 $aDefibrillators, Implantable 606 $aPacemaker, Artificial 608 $aElectronic books. 615 0$aCardiac pacemakers 615 0$aCardiac pacing 615 0$aHeart$xDiseases. 615 2$aCardiac Pacing, Artificial. 615 2$aDefibrillators, Implantable. 615 2$aPacemaker, Artificial. 676 $a617.4120645 702 $aEllenbogen$b Kenneth A. 702 $aKaszala$b Karoly 801 0$bMiAaPQ 801 1$bMiAaPQ 801 2$bMiAaPQ 906 $aBOOK 912 $a9910555029503321 996 $aCardiac pacing and ICDs$91992042 997 $aUNINA LEADER 02261nam a2200277 i 4500 001 991004346116807536 005 20241021123430.0 008 241021m17821791it er 001 0 ita d 026 $aelc- i.il$btaa- eiPo (3)$c1782 (R)$dv. 1 040 $aBibl. Interfacoltà T. Pellegrino$bita$cSocioculturale Scs 041 0 $aita 100 1 $aGalanti, Giuseppe Maria$036576 245 10$aNuova descrizione storica e geografica dell'Italia, dell'avvocato Giuseppe M.a Galanti. ... Tomo primo [-secondo] 260 $aNapoli :$bnella stamperia della Società Letteraria e Tipografica,$c1782-1791 300 $a2 volumi ;$c8° 500 $aSui frontespizi citazione di Virgilio tra il nome dell'autore e l'indicazione di volume 505 00$g1:$tTomo 1. che contiene la descrizione degli Stati del Re di Sardegna. -$g1782. -$gVIII, 354, [6] p. (($gSegnatura: a? A-Y? Z?; bianca l'ultima carta. 561 0 $aIl fondo Briganti-Stajano è stato annesso al patrimonio della Biblioteca Interfacoltà nel 1981. Le famiglie da cui il fondo prende il nome sono l'aristocratica famiglia gallipolina dei Briganti (fine XVIII sec.) e la famiglia Stajano di Sannicola, alla quale il fondo è pervenuto in eredità dopo la morte di Domenico Briganti, ultimo discendente (fine XIX sec.). Il fondo si compone di una sezione a stampa antica e moderna e di una sezione manoscritta. La sezione a stampa è costituita in buona parte dalla biblioteca dei due esponenti più noti dell?Illuminismo riformatore salentino, Tommaso Briganti (1691-1762) e il figlio Filippo (1726-1804), e riflette in pieno i loro interessi per le discipline storiche, giuridiche, economiche, religiose e filosofiche; sono presenti nella sezione, inoltre, libri, opuscoli, documenti e opere degli stessi Stajano.$5LE002 562 $a1 esemplare, solo volume 1$5LE002 700 3 $aBriganti-Stajano $d$epossessore precedente$5LE002 710 2 $aSocietà letteraria & tipografica$c 752 $aItalia$dNapoli 856 40$uhttps://books.google.it/books?vid=IBSC:SC400043310&redir_esc=y$zv. 1 912 $a991004346116807536 996 $aNuova descrizione storica e geografica dell'Italia, dell'avvocato Giuseppe M.a Galanti. ... Tomo primo$94210397 997 $aUNISALENTO